000 00317nam a2200109Ia 4500
008 171211s9999 xx 000 0 und d
245 4 _aThe Creation of Wing Chun
245 _cBenjamin N. Judkins and Jon Nielson
260 _c2015
650 _xMartial Arts
856 _uhttp://down.ebook777.com/065/9781438456942.pdf
999 _c348168
_d348168